<?xml version="1.0" encoding="UTF-8"?>
<record
    xmlns:xsi="http://www.w3.org/2001/XMLSchema-instance"
    xsi:schemaLocation="http://www.loc.gov/MARC21/slim http://www.loc.gov/standards/marcxml/schema/MARC21slim.xsd"
    xmlns="http://www.loc.gov/MARC21/slim">

  <leader>01403nam a22002777a 4500</leader>
  <datafield tag="999" ind1=" " ind2=" ">
    <subfield code="c">22225</subfield>
    <subfield code="d">22225</subfield>
  </datafield>
  <controlfield tag="003">AR-CdUCM</controlfield>
  <controlfield tag="008">190425b           ||||| |||| 00| 0 spa d</controlfield>
  <datafield tag="040" ind1=" " ind2=" ">
    <subfield code="a">MUNICIPALIDAD PROVINCIAL DEL CUSCO</subfield>
    <subfield code="c">BIBLIOTECA MUNICIPAL DEL CUSCO</subfield>
  </datafield>
  <datafield tag="082" ind1=" " ind2=" ">
    <subfield code="a">Cultura/N&#xB0;1/1999</subfield>
  </datafield>
  <datafield tag="245" ind1=" " ind2=" ">
    <subfield code="a">Cultura y Patrimonio :</subfield>
    <subfield code="b">&#xF3;rgano del comit&#xE9; c&#xED;vico de Defensa del Patrimonio Cultural del Cusco /</subfield>
  </datafield>
  <datafield tag="260" ind1=" " ind2=" ">
    <subfield code="a">Cusco.</subfield>
    <subfield code="b">Pantigozo,</subfield>
    <subfield code="c">1999.</subfield>
  </datafield>
  <datafield tag="300" ind1=" " ind2=" ">
    <subfield code="a">23 p&#xE1;ginas. :</subfield>
    <subfield code="b">ilustraciones ;</subfield>
    <subfield code="c">29 cm.</subfield>
  </datafield>
  <datafield tag="440" ind1=" " ind2=" ">
    <subfield code="a">Cultura y Patrimonio.</subfield>
    <subfield code="n">N&#xB0;1, agosto 1999.</subfield>
    <subfield code="9">47679</subfield>
  </datafield>
  <datafield tag="505" ind1=" " ind2=" ">
    <subfield code="a">Contenido: Desarrollo urbano, patrimonio cultural y turismo. -- Recuperemos Sacsayhuaman para los cusque&#xF1;os del futuro. -- La cultura patrimonial en el poblador urbano del Cusco. -- Los enigmas de Machupicchu. -- Nuevo fracaso de la educaci&#xF3;n biling&#xFC;e intercultural. -- Chinchaypucyo valle sagrado de los Inkas Yupac Yupanquiy Wayna Qapaq. -- Construcciones at&#xED;picas en el centro hist&#xF3;rico.</subfield>
  </datafield>
  <datafield tag="650" ind1=" " ind2=" ">
    <subfield code="a">Sociedad cusque&#xF1;a</subfield>
    <subfield code="9">47493</subfield>
  </datafield>
  <datafield tag="650" ind1=" " ind2=" ">
    <subfield code="a">Barrios populares</subfield>
    <subfield code="9">47677</subfield>
  </datafield>
  <datafield tag="650" ind1=" " ind2=" ">
    <subfield code="a">Centro Hist&#xF3;rico Cusco</subfield>
    <subfield code="9">46767</subfield>
  </datafield>
  <datafield tag="700" ind1=" " ind2=" ">
    <subfield code="a">Villegas Ormachea, Am&#xE9;rico</subfield>
    <subfield code="9">31050</subfield>
  </datafield>
  <datafield tag="700" ind1=" " ind2=" ">
    <subfield code="a">Guti&#xE9;rrez Samanez, Jos&#xE9; Carlos</subfield>
    <subfield code="9">46831</subfield>
  </datafield>
  <datafield tag="700" ind1=" " ind2=" ">
    <subfield code="a">Calvo Calvo, Rossano</subfield>
    <subfield code="9">44156</subfield>
  </datafield>
  <datafield tag="700" ind1=" " ind2=" ">
    <subfield code="a">Rosas Paravicino, Enrique</subfield>
    <subfield code="9">417</subfield>
  </datafield>
  <datafield tag="700" ind1=" " ind2=" ">
    <subfield code="a">Pacheco Farf&#xE1;n, Juvenal</subfield>
    <subfield code="9">47680</subfield>
  </datafield>
  <datafield tag="700" ind1=" " ind2=" ">
    <subfield code="a">Amado Gonz&#xE1;les, Donato</subfield>
    <subfield code="9">45219</subfield>
  </datafield>
  <datafield tag="942" ind1=" " ind2=" ">
    <subfield code="2">ddc</subfield>
    <subfield code="c">PP</subfield>
  </datafield>
  <datafield tag="945" ind1=" " ind2=" ">
    <subfield code="a">rac</subfield>
  </datafield>
  <datafield tag="952" ind1=" " ind2=" ">
    <subfield code="0">0</subfield>
    <subfield code="2">ddc</subfield>
    <subfield code="4">0</subfield>
    <subfield code="7">0</subfield>
    <subfield code="a">HEM</subfield>
    <subfield code="b">HEM</subfield>
    <subfield code="c">CART</subfield>
    <subfield code="d">2022-03-28</subfield>
    <subfield code="g">5.00</subfield>
    <subfield code="o">Cultura/N&#xB0;1/1999</subfield>
    <subfield code="p">REVC000848</subfield>
    <subfield code="r">2022-03-28</subfield>
    <subfield code="y">PP</subfield>
  </datafield>
</record>
